Demian /

Salvato in:
Dettagli Bibliografici
Autore principale: Hesse, Hermann, 1877-1962 (Autore)
Natura: Elettronico eBook
Lingua:spagnolo
tedesco
Pubblicazione: Bogotá, D.C., Colombia : Sképsi, [2025]
Serie:Colección El viaje a Ítaca. Novela.
Soggetti:
Accesso online:Digitalia Hispánica
Tags: Aggiungi Tag
Nessun Tag, puoi essere il primo ad aggiungerne!!

MARC

LEADER 00000nam a2200000 i 4500
001 DIGIBANEZ0122
003 NyNyDIG
007 cr |||||||||||
008 260519s2025 ck o 000 f spa d
006 m o d
035 |a (OCoLC)1592112557 
040 |a DGITA  |b eng  |e rda  |e pn  |c DGITA 
020 |z 9789585024687 
041 1 |a spa  |h ger 
050 1 4 |a PT2617.E85 ebook 
100 1 |a Hesse, Hermann,  |d 1877-1962,  |e author. 
240 1 0 |a Demian.  |l Spanish 
245 1 0 |a Demian /  |c Herman Hesse. 
264 1 |a Bogotá, D.C., Colombia :  |b Sképsi,  |c [2025] 
300 |a 1 online resource. 
336 |a text  |b txt  |2 rdacontent 
337 |a computer  |b c  |2 rdamedia 
338 |a online resource  |b cr  |2 rdacarrier 
347 |a text file  |2 rdaft 
347 |b PDF 
490 1 |a Colección El viaje a Ítaca. Novela 
588 0 |a Online resource; title from PDF title page (Digitalia, viewed May 19, 2026) 
655 7 |a Fiction.  |2 lcgft 
700 1 |i Translation of:  |a Hesse, Hermann,  |d 1877-1962.  |t Demian. 
791 2 |a Digitalia (Firm),  |e distributor. 
793 0 |g Digitalia eBook Collection:  |a Grupo Editorial Ibáñez 
776 0 8 |i Print version:  |a Hesse, Hermann, 1877-1962.  |s Demian. Spanish.  |t Demian.  |d Bogotá, D.C., Colombia : Sképsi, [2025]  |z 9789585024687 
830 0 |a Colección El viaje a Ítaca.  |p Novela. 
856 4 0 |3 Digitalia Hispánica  |u https://digitalia.unach.elogim.com/a/183122/ 
910 |a Premium collection: 2026